000 01312nam a2200361 a 4500
001 vtls000324387
003 NLI
005 20210602144910.0
008 110105s1998 ii e 001 0 eng d
020 _a8170227283
_cRs.500.00
039 9 _a201103241814
_bsupriya_alio
_y201101052009
_zsyamalkb
040 _aNLI
_beng
041 0 _aeng
044 _aii
082 0 4 _a304.8942054
_222
100 1 _aDhindsa, K. S.
_9490373
245 1 0 _aIndian immigrants in United Kingdom :
_ba socio-economic analysis /
_cK. S. Dhindsa
260 _aNew Delhi :
_bConcept,
_c1998
300 _a70 p. ;
_c22 cm.
504 _aIncludes bibliographical references and index
650 0 _aImmigrants
_zGreat Britain
_xSocial conditions
_9495231
650 0 _aImmigrants
_zGreat Britain
_xEconomic conditions
_9495232
650 0 _aEast Indian
_zGreat Britain
_vSocial conditions
_9495233
651 0 _aGreat Britain
_xRace relations
_9150448
887 _asyamal Kanti Biswas
901 _aDB118357 ;
_b25.03.2010
902 _aE 304.8942054 D 537
904 _asyamal Kanti Biswas
949 _AVIRTUAITEM
_D10012
_X100
_6DBA000118357ENG
_e118357
942 _2ddc
_cBKS
999 _aVIRTUA
_c282972
_d282972
999 _aVTLSSORT0080*0200*0400*0410*0440*0820*1000*2450*2600*3000*5040*6500*6501*6502*6510*8520*9010*9020*9040*9992